Catálogo público

Efecto de la presencia de la paloma común (Columba livia) en la transmisión de enfermedades en la granja experimental de Chapingo, México / (Record no. 169918)

MARC details
000 -CABECERA
campo de control de longitud fija 01455nam a2200373Ia 4500
001 - NÚMERO DE CONTROL
campo de control Z_6646
003 - IDENTIFICADOR DEL NÚMERO DE CONTROL
campo de control CHAP
005 - FECHA Y HORA DE LA ÚLTIMA TRANSACCIÓN
campo de control 20230703182200.0
008 - DATOS DE LONGITUD FIJA--INFORMACIÓN GENERAL
campo de control de longitud fija 220113s2014 xx 000 0 und d
010 ## - NÚMERO DE CONTROL DE LA BIBLIOTECA DEL CONGRESO
Número de control de LC 169918
040 ## - FUENTE DE LA CATALOGACIÓN
Centro/agencia transcriptor CHAP
090 ## - LOCALMENTE ASIGNADO TIPO-LC NÚMERO DE CLASIFICACIÓN (OCLC); NÚMERO DE CLASIFICACIÓN LOCAL (RLIN)
Número de clasificación (OCLC) (R) ; Numero de clasificación, CALL (RLIN) (NR) Tesis B66 2353
100 ## - ENTRADA PRINCIPAL--NOMBRE DE PERSONA
Nombre de persona Bonilla Bonilla, Harim de Jesús
9 (RLIN) 126827
245 ## - MENCIÓN DE TÍTULO
Título Efecto de la presencia de la paloma común (Columba livia) en la transmisión de enfermedades en la granja experimental de Chapingo, México /
Mención de responsabilidad, etc. Harim de Jesús Bonilla Bonilla y Oscar Manuel López Bazán
260 ## - PUBLICACIÓN, DISTRIBUCIÓN, ETC.
Lugar de publicación, distribución, etc. México :
Nombre del editor, distribuidor, etc. El autor,
Fecha de publicación, distribución, etc. 2014
300 ## - DESCRIPCIÓN FÍSICA
Extensión 132 p.
502 ## - NOTA DE TESIS
Nota de tesis Tesis (Ingeniero Agrónomo Especialista en Zootecnia) --UACh, 2014 \ Dirección: Alfredo Castañeda Ramírez; asesoría: Elvia López Pérez y Rubén Esquivel Velázquez
650 ## - PUNTO DE ACCESO ADICIONAL DE MATERIA--TÉRMINO DE MATERIA
Término de materia o nombre geográfico como elemento de entrada Avicultura
9 (RLIN) 8703
650 ## - PUNTO DE ACCESO ADICIONAL DE MATERIA--TÉRMINO DE MATERIA
Término de materia o nombre geográfico como elemento de entrada Eimeria spp
9 (RLIN) 145466
650 ## - PUNTO DE ACCESO ADICIONAL DE MATERIA--TÉRMINO DE MATERIA
Término de materia o nombre geográfico como elemento de entrada Enfermedad de newcastle
9 (RLIN) 36929
650 ## - PUNTO DE ACCESO ADICIONAL DE MATERIA--TÉRMINO DE MATERIA
Término de materia o nombre geográfico como elemento de entrada Inhibición de la hemoaglutinación
9 (RLIN) 145467
650 ## - PUNTO DE ACCESO ADICIONAL DE MATERIA--TÉRMINO DE MATERIA
Término de materia o nombre geográfico como elemento de entrada Paloma común
9 (RLIN) 145468
650 ## - PUNTO DE ACCESO ADICIONAL DE MATERIA--TÉRMINO DE MATERIA
Término de materia o nombre geográfico como elemento de entrada Salmonella spp
9 (RLIN) 145469
700 ## - PUNTO DE ACCESO ADICIONAL--NOMBRE DE PERSONA
Nombre de persona Castañeda Ramírez, Alferdo, director
9 (RLIN) 145470
700 ## - PUNTO DE ACCESO ADICIONAL--NOMBRE DE PERSONA
Nombre de persona Esquivel Velázquez, Rubén, asesor
700 ## - PUNTO DE ACCESO ADICIONAL--NOMBRE DE PERSONA
Nombre de persona López Pérez, Elvia, asesor
9 (RLIN) 143206
700 ## - PUNTO DE ACCESO ADICIONAL--NOMBRE DE PERSONA
Nombre de persona López Bazán, Oscar Manuel, coaut.
9 (RLIN) 145471
856 42 - LOCALIZACIÓN Y ACCESO ELECTRÓNICOS
Identificador Uniforme del Recurso <a href="http://10.13.5.2/tesis/sist109571.pdf">http://10.13.5.2/tesis/sist109571.pdf</a>
Texto de enlace Descargar PDF
901 ## - ELEMENTOS DE DATOS A LOCAL LDA (RLIN)
a TESIS B66 2353
902 ## - ELEMENTOS DE DATOS B LOCAL, LDB (RLIN)
a M
910 ## - DATOS DE OPCIÓN DEL USUARIO (OCLC)
Datos de opción del usuario 2014
942 ## - ELEMENTOS DE PUNTO DE ACCESO ADICIONAL (KOHA)
Tipo de ítem Koha Tesis_
Fuente del sistema de clasificación o colocación Dewey Decimal Classification
942 ## - ELEMENTOS DE PUNTO DE ACCESO ADICIONAL (KOHA)
Tipo de ítem Koha Tesis_
Fuente del sistema de clasificación o colocación Dewey Decimal Classification
Holdings
Estado de retiro Estado de pérdida Fuente del sistema de clasificación o colocación Estado dañado No para préstamo Código de colección Localización permanente Ubicación/localización actual Fecha de adquisición Fuente de adquisición Total de préstamos Signatura topográfica completa Código de barras Fecha visto por última vez Número de copia Precio válido a partir de Tipo de ítem Koha Restricciones de uso
    Clasificación Universidad Autónoma de Chapingo   Excluido de préstamo Tesis Zootecnia Zootecnia 20/10/2015 El autor   Tesis B66 2353 z_T 4236 18/01/2022 1 18/01/2022 CD  
    Clasificación Universidad Autónoma de Chapingo   Excluido de préstamo Tesis Zootecnia Zootecnia 20/10/2015 El autor   Tesis B66 2353 z_T 4237 18/01/2022 2 18/01/2022 CD  
    Clasificación Universidad Autónoma de Chapingo     Tesis Zootecnia Zootecnia 20/10/2015 El autor   Tesis B66 2353 z_T 4238 18/01/2022 3 18/01/2022 Tesis Préstamo 5 días